| 000 | 00508nam a22001457a 4500 | ||
|---|---|---|---|
| 008 | 141205b xxu||||| |||| 00| 0 eng d | ||
| 050 | _aSPC PR 9390.6.S754.S8 | ||
| 100 |
_aSpicer, N.H.D. _913101 |
||
| 245 |
_aSunshine and shadow: _ba book of poems of Rhodesia _c/ N.H.D. Spicer; cover and etchings by D.J Avery |
||
| 260 |
_aSalisbury _bRhodesian P. & P Company _c1932 |
||
| 300 |
_a36p. _c20cm. |
||
| 650 |
_aPoetry _xRhodesia _913102 |
||
| 700 |
_aAvery, D.J (cover and etchings) _913103 |
||
| 942 |
_2lcc _cSPC |
||
| 999 |
_c121405 _d121405 |
||